Ref française - Statistiques

Statistiques générales
  • Ce quiz a été pris 2 783 fois
  • Le résultat moyen est 8 sur 11
Statistiques - réponses
Phrase Réponse % Correct
"Moi, tu me parles pas _ ' ____" d'âge
93%
"C'est qui le patron ? C'est _____ " moi
92%
"J'ai des connaisances en chimie que tu n'as pas. Frappe moi, je t'______" empoisonne
87%
"Quoi ! L'acool c'est pas _____" cool
80%
"Macron décapitation, Macron _______" explosion
78%
"Tu es ____ Mélissandre" grosse
75%
"Animal qui vit parmi nous ? ______ " Etranger
73%
"Marine elle passe, et tu t'écarte. Marine elle domine et tu t'______" inclines
65%
"N'ayez pas peur, vous n'irez pas à _____" l'hôpital
65%
"Oh ptn Laurent, excuse moi __ __ ______" de la réaction
53%
"Qu'est ce que c'est ce pays, il fait au moins - ______" 8000
51%
Aucun quiz correspondant
Distribution des résultats
% des personnes avec chaque résultat
Percentile par nombre de réponses
Votre historique - résultats
Vous n’avez pas pris ce quiz